| 000 | 00701nam a2200241Ia 4500 | ||
|---|---|---|---|
| 003 | OSt | ||
| 005 | 20220918181628.0 | ||
| 006 | a|||||r|||| 00| 0 | ||
| 007 | ta | ||
| 008 | 220917b |||||||| |||| 00| 0 eng d | ||
| 024 | _a27,881 | ||
| 037 | _cTextual | ||
| 040 |
_aARTS _cARTS _beng |
||
| 041 |
_2eng _aeng |
||
| 082 | _aO111,2J64:g, N62 | ||
| 100 |
_aMurray Peter B. _958947 |
||
| 245 | 0 |
_aShakespeare's imagined persons _b The psychology of role playing and acting |
|
| 260 |
_aLanham _bBarnes & Nobel Books _c1996 |
||
| 300 |
_aviii, 256p. _ccm. |
||
| 650 | _aENGLISH LITERATURE | ||
| 942 |
_hO111,2J64:g, N62 _cTEXL _2CC |
||
| 999 |
_c166289 _d166289 |
||